000 00308nam a22001337a 4500
020 _qPB.
040 _cFIZZA ISHAQ
082 _a001.424
_bHAM
100 _aTAHA A.HAMDY.
_989352
245 _aOPERATIONS RESEARCH /
_cHAMDY A.TAHA.
260 _aNEW YORK ;
_c2017.
300 _a843 P. ;
942 _2ddc
_cBK
999 _c588120
_d588120